000 00539nam a2200193Ia 4500
005 20250508165521.0
008 008 250505s9999 xx 000 0 eng d
037 _aDissertations
040 _aFEDL
_beng
_cFEDL
041 _aeng
_2eng
084 _a500, TIA/DI
_qFEDL
100 _aTiajungla
_9781071
245 0 _aComparative study of selected science text books
260 _c2015
300 _a73p.
546 _aM.Ed. Dissertation, (Delhi University)
942 _cDIS
_h500, TIA/DI
999 _c1395605
_d1395605